|
|
|
|
| LEADER |
00000nam0a2200000 4500 |
| 001 |
320932 |
| 005 |
20231101021639.0 |
| 010 |
|
|
|a 5280002569
|
| 035 |
|
|
|a (RuTPU)RU\TPU\book\346463
|
| 090 |
|
|
|a 320932
|
| 100 |
|
|
|a 20160801d1988 m y0rusy50 ca
|
| 101 |
1 |
|
|a rus
|c uzb
|
| 102 |
|
|
|a RU
|
| 105 |
|
|
|a a z 001ay
|
| 200 |
1 |
|
|a Бабур. Алмазный пояс
|e романы
|e пер. с узбек.
|f П. Кадыров
|g пер. Ю. Суровцев
|
| 210 |
|
|
|a Москва
|c Художественная литература
|d 1988
|
| 215 |
|
|
|a 751 с.
|c ил.
|
| 320 |
|
|
|a Вступительная статья: с. 3-14
|
| 320 |
|
|
|a Примечания: с. 736-741
|
| 320 |
|
|
|a Пояснительный словарь: с. 742-750
|
| 600 |
|
0 |
|a Захиреддин (Захир-ад-дин) Мухаммед Бабур
|f 1483-1530
|c правитель Могольской империи
|c основатель династии Великих Моголов
|c из династии Тимуридов
|2 stltpush
|3 (RuTPU)RU\TPU\pers\10061
|
| 610 |
1 |
|
|a художественная литература
|
| 610 |
1 |
|
|a узбекская литература
|
| 610 |
1 |
|
|a романы
|
| 610 |
1 |
|
|a исторические романы
|
| 610 |
1 |
|
|a архитектура
|
| 610 |
1 |
|
|a 15 век
|
| 610 |
1 |
|
|a Ташкент
|
| 610 |
1 |
|
|a 20 век
|
| 675 |
|
|
|a 894.375
|v 4
|
| 700 |
|
1 |
|a Кадыров
|b П.
|g Пиримкул
|4 070
|
| 702 |
|
1 |
|a Суровцев
|b Ю.
|4 730
|
| 801 |
|
1 |
|a RU
|b 63413507
|c 20160801
|
| 942 |
|
|
|c BK
|